000 02445cam a22005294i 4500
003 PE-LiUPU
005 20250731172947.0
008 150623s r 000 0 d
020 _a1565632699
035 _a(Sirsi) i9781565632691
040 _aPE-LiUPU
_bspa
_cPE-LiUPU
_erda
049 _aPRUA
082 0 4 _a234.107
_bF76
_221
100 1 _aForbes, Christopher,
_eautor.
245 1 0 _aProphecy and inspired speech :
_bin early Christianity and its Hellenistic environment /
_cpor Christopher Forbes.
264 1 _aMassachusetts :
_bHendrickson Publishers,
_c1997.
300 _a377 páginas ;
_c23 centímetros
336 _atext
_2rdacontent
337 _aunmediated
_2rdamedia
338 _avolume
_2rdacarrier
505 0 _aIntroduction. -Literature survey: theme and variations. -Glossolalia in early Christianity : terminology and phenomena. -Glossolalia in early Christianity : History and theology. -Glossolalia and Hellenistic inspiration. -Glossolalia and the cults of Dionysus and Cybele. -Glossolalia and Hellenistic enthusiastic religion. -Early Christian prophecy and its Hellensitic parallels. -Christian prophecy in Luke-Acts and the letters of Paul. -Prophecy in Corinth. -Prophecy and oracles in the Hellenistic world. -Summary and conclusions.
526 _aSEG42
526 _aSEG41
526 _aSEG40
526 _aSEG39
526 _aP94
526 _aP87
526 _aP86
526 _aP85
526 _aP77
526 _aP76
526 _aP35
650 0 4 _aGlosolalia
_xHistoria.
650 0 4 _aProfecía
_xCristianismo
_xEnseñanza Bíblica.
650 0 4 _aProfecía
_xHistoria.
651 _aGrecia
_xReligión
651 _aRoma
_xReligión.
942 _2ddc
_cBOOK
949 _a234.107 F76
_wDEWEY
_c1
_i44809
_lCCODEBUL1
_mBUL
_r0
_sY
_tBOOK
_u2015-6-24
_xTEOLOGIA
_PP35
_0COMPRA
_o.STAFF. Colección General
949 _a234.107 F76
_wDEWEY
_c2
_i47802
_lCCODEBUL1
_mBUL
_r0
_sY
_tBOOK
_u2015-6-24
_xTEOLOGIA
_PP35
_0COMPRA
_o.STAFF. Colección General
994 _aC0
_bPEPRU
596 _a1
999 _a234.107 F76
_wDEWEY
_c21679
_i44809
_f2021-11-10
_g5
_lCCODEBUL1
_mBUL
_r0
_sY
_tBOOK
_u2015-6-24
_xTEOLOGIA
_PP35
_0COMPRA
_o.STAFF. Colección General
_d21679
999 _a234.107 F76
_wDEWEY
_c2
_i47802
_d2019-5-20
_f2021-11-10
_g6
_lCCODEBUL1
_mBUL
_q1
_r0
_sY
_tBOOK
_u2015-6-24
_xTEOLOGIA
_PP35
_0COMPRA
_o.STAFF. Colección General
980 _81
_gALBERTO SANCHEZ Responsable de Automatización